00892 2200313 4500001002100000005001500021035002000036007000300056040001700059100002200076245006300098250001000161300003400171041000800205082000800213084001400221090002000235264005900255336002100314337003000335338002300365650001500388850001000403008004100413500002700454700003300481990002300514990004100537INLIS00000000000609620260419124500 a0010-0322000340ta aSBPUPADbInd0 aSukadiePengarang1 aMenjadi Guru Yang Menyenangkan /cSukadi;Editor,Sunyo Adji aCet 1 aiv,76 hal. :bIllus. ;c25 cm0 aInd a370 a370 SUK m a370.7 KOE d 6-8 aBandung :bSekretariat Informasi Dan Komunikasi,c2009 2rdacontentaTeks 2rdamediaaTanpa Perantara 2rdacarrieravolume 4aPendidikan aPUPAD260419 0  aTentang Penulis,hlm 760 aEditor,Sunyo AdjiePengarang a9113/H/KAPD-PDG/09 a9117/H/KAPD-PDG/099117/H/KAPD-PDG/09